Crise no campo provoca desemprego (Registro n. 300825)
[ somente texto ]
| 000 -LÍDER | |
|---|---|
| fixed length control field | 00723nab a2200217 4500 |
| 003 - CÓDIGO MARC DA AGÊNCIA CATALOGADORA | |
| Campo de controle | BR-BrBNA |
| 005 - DATA E HORA DA ÚLTIMA ATUALIZAÇÃO | |
| Campo de controle | 20240815094744.0 |
| 008 - CAMPO DE TAMANHO FIXO | |
| fixed length control field | 240809b bl.||||| |||| 00| 0 por d |
| 040 ## - FONTE DA CATALOGAÇÃO | |
| Agência catalogadora | BR-BrBNA |
| Idioma da catalogação | por |
| 072 ## - CATEGORIA AGRIS | |
| Código AGRIS | E12 ; E16 |
| 100 ## - ENTRADA PRINCIPAL - NOME PESSOAL | |
| Nome pessoal | Portz, Neca |
| 245 ## - TÍTULO PRINCIPAL | |
| Título principal | Crise no campo provoca desemprego |
| Subtítulo | Agronegócio |
| 500 ## - NOTA GERAL | |
| Nota geral | 1 illus. |
| 942 ## - ADDED ENTRY ELEMENTS (KOHA) | |
| Koha item type | |
| 650 ## - ASSUNTO - THESAGRO | |
| Cabeçalho tópico ou nome geográfico | AGRONEGÓCIO |
| 650 ## - ASSUNTO - THESAGRO | |
| Cabeçalho tópico ou nome geográfico | CRISE |
| 650 ## - ASSUNTO - THESAGRO | |
| Cabeçalho tópico ou nome geográfico | CUSTO DE PRODUÇÃO |
| 650 ## - ASSUNTO - THESAGRO | |
| Cabeçalho tópico ou nome geográfico | DESEMPREGO |
| 773 0# - ENTRADA ANALÍTICA | |
| Host Biblionumber | 4604 |
| Registro do item | 317181 |
| Imprenta | Palmas - Tocantins Terranova Gráfica e Editora Jornalística Ltda 2005 |
| Outro identificador | 2024-3805 |
| Título | Cerrado Rural Agronegócios (Brazil) |
| ISSN | 1980-2595 |
| Colação | v. 3(10) p. 6-7; (Sep 2005) |
| Número de controle de registro | BR2024002410 |
Nenhum exemplar disponível.

BINAGRI